| 000 | 00356nam a2200145Ia 4500 | ||
|---|---|---|---|
| 008 | 211109s9999||||xx |||||||||||||| ||und|| | ||
| 082 |
_a536 _bALL-T |
||
| 100 | _aAllen, H S | ||
| 245 | 0 | _aText Book of Heat Part I | |
| 260 |
_bMacmillan Company _aNew York _c1945 |
||
| 300 | _a848p. | ||
| 630 | _xGeneral Stack | ||
| 650 |
_aHeat _xPhysics |
||
| 942 | _cBOOK | ||
| 999 |
_c11328 _d11328 |
||